Investigations on the addition of styrene butadiene rubber in natural rubber and dichlorocarbene modified styrene butadiene rubber blends (Record no. 51851)

MARC details
000 -LEADER
fixed length control field 00576nam a2200181Ia 4500
100 ## - MAIN ENTRY--AUTHOR NAME
Personal name Ramesan M.T.
245 #0 - TITLE STATEMENT
Title Investigations on the addition of styrene butadiene rubber in natural rubber and dichlorocarbene modified styrene butadiene rubber blends
260 ## - PUBLICATION, DISTRIBUTION, ETC. (IMPRINT)
Name of publisher Journal of Materials Science
Year of publication 2002
300 ## - PHYSICAL DESCRIPTION
Number of Pages 100-116
650 ## - SUBJECT ADDED ENTRY--TOPICAL TERM
Topical Term Dichlorocarbene modification
650 ## - SUBJECT ADDED ENTRY--TOPICAL TERM
Topical Term Natural rubber
650 ## - SUBJECT ADDED ENTRY--TOPICAL TERM
Topical Term SBR/NBR blend
700 ## - ADDED ENTRY--PERSONAL NAME
Personal name Alex R.
700 ## - ADDED ENTRY--PERSONAL NAME
Personal name Kuriakose B.
700 ## - ADDED ENTRY--PERSONAL NAME
Personal name Manojkumar T.K.
942 ## - ADDED ENTRY ELEMENTS (KOHA)
Koha item type Bibliography STAF
Holdings
Withdrawn status Lost status Damaged status Not for loan Home library Current library Date acquired Serial Enumeration / chronology Koha item type
      Bibliography RRII Library RRII Library 09/04/2014 Volume 37, Issue Bibliography STAF